Statistiques concernant Top 💯 prénoms masculins 👦 en France 🇫🇷 en 1993

Cliquez ici pour prendre le quiz!

Statistiques générales

  • Ce quiz a été pris 142 fois
  • Le résultat moyen est 59 sur 100

Statistiques - réponses

ClassementPrénom% Correct
#27Paul
92%
#16Pierre
92%
#6Julien
90%
#4Nicolas
89%
#68Jean
88%
#2Thomas
87%
#13Antoine
84%
#100Kévin
84%
#1Kevin
84%
#11Guillaume
82%
#5Maxime
82%
#3Alexandre
81%
#47Louis
81%
#79Léo
79%
#30Lucas
79%
#12Quentin
79%
#21Mathieu
78%
#76Olivier
78%
#9Romain
77%
#42Hugo
76%
#59Théo
76%
#91Marc
75%
#26David
73%
#50François
73%
#24Sébastien
73%
#75Yann
73%
#65Christophe
72%
#44Fabien
72%
#20Vincent
72%
#99Tom
71%
#19Valentin
71%
#18Alexis
70%
#63Charles
70%
#17Clément
70%
#10Florian
70%
#77Stéphane
70%
#32Simon
69%
#8Anthony
68%
#35Baptiste
68%
#49Bastien
68%
#14Benjamin
68%
#56Florent
68%
#84Xavier
68%
#25Damien
67%
#15Jérémy
67%
#90Laurent
65%
#23Adrien
64%
#57Jérôme
64%
#45Arthur
63%
#46Victor
62%
#85Martin
61%
#78Samuel
61%
#34Arnaud
60%
#43Benoît
60%
#41Cédric
60%
#86Frédéric
60%
#53Raphaël
60%
#69William
60%
#95Gabriel
59%
#39Thibault
58%
#37Corentin
57%
#22Jonathan
57%
#33Rémi
57%
#89Grégory
56%
#31Matthieu
56%
#36Aurélien
54%
#52Dylan
53%
#98Mathias
53%
#48Ludovic
52%
#87Maxence
52%
#60Sylvain
52%
#58Axel
51%
#28Loïc
51%
#92Franck
49%
#7Jordan
48%
#29Mickael
48%
#81Etienne
46%
#93Emmanuel
43%
#71Rémy
42%
#54Robin
42%
#94Michael
41%
#88Tristan
41%
#55Cyril
40%
#51Gaëtan
38%
#64Dimitri
36%
#96Bryan
34%
#67Mohamed
34%
#61Thibaut
34%
#38Christopher
32%
#74Jason
28%
#40Steven
28%
#80Morgan
27%
#83Tony
26%
#72Yoann
26%
#82Jean-Baptiste
24%
#97Johan
24%
#70Jimmy
21%
#62Mehdi
21%
#66Geoffrey
19%
#73Jordy
9%

Distribution des résultats

Percentile par nombre de réponses

% des personnes avec chaque résultat

Votre développement - résultats

Vous n’avez pas pris ce quiz